| 000 | 00606nam a22001937a 4500 | ||
|---|---|---|---|
| 010 | _aENG-120655 | ||
| 020 |
_c650.00 _a9788171641611 |
||
| 035 | _aEN-104187 | ||
| 037 | _bDBAD/PUB | ||
| 082 | _a631.37 | ||
| 100 | _aDevnani, R.S. | ||
| 245 |
_aTheory and appliation of crop threshing technologies / _cby R.S. Devnani [and] T.P. Ojha |
||
| 260 |
_aNew Delhi _bIndian Council of Research _c2016 |
||
| 270 |
_aKrishi Anusandhan Bhavan I, Pusa, _bDelhi _e110012 |
||
| 300 |
_a284p. _b25cm(pbk). |
||
| 500 | _aIncludes index | ||
| 700 | _aOjha T.P. | ||
| 942 |
_2ddc _cEN _h631.37 _mDEV |
||
| 999 |
_c144476 _d144476 |
||